000 00462nam a2200157Ia 4500
008 210716s1998 xx 000 0 und d
020 _a0136817505
041 _aeng
082 _a658.4012 WRIP
100 _aWright, Peter; Kroll, Mark J; Parnell, John A.
245 _aStrategic management: concepts and cases.
_bConcepts and cases.
250 _a1
260 _aNew Jersey
_bPrentice Hall
_c1998
300 _axvi,336,C-372
650 _aStrategic Management
999 _c200667
_d200667